000 01668nam a2200469 i 4500
001 55594
003 KOSZ 005
005 20191023101823.0
008 080109s2008 pl a f |001 0 pol
015 _aPB 4040/2008
020 _a9788320433586
040 _cWA N
_aWA N
_dKOSZ 005/HR
041 _apol
046 _k2008
080 _a621.6
080 _a621.22
080 _a621.165
080 _a(075.8)
100 1 _aGundlach, Władysław Rudolf
_d(1921-2007)
_eAutor
245 1 0 _aPodstawy maszyn przepływowych i ich systemów energetycznych /
_cWładysław R. Gundlach.
260 _aWarszawa :
_bWydawnictwa Naukowo-Techniczne,
_c2008.
300 _a619, [1] s. :
_bil. ;
_c24 cm.
336 _2rdacontent
_aTekst
_btxt
337 _2rdamedia
_aBez urządzenia pośredniczącego
_bn
338 _2rdacarrier
_aWolumin
_bnc
380 _aKsiążki
380 _aPublikacje naukowe
380 _aPublikacje dydaktyczne
380 _aPublikacje fachowe
385 _mPoziom nauczania
_aSzkoły wyższe
385 _aPracownicy naukowi
385 _aKonstruktorzy
388 _a2001-
504 _aBibliogr. s. 591-592. Indeks.
521 8 _aDla studentów kierunków: energetyka oraz mechanika i budowa maszyn wyższych uczelni technicznych oraz dla pracowników nauk., konstruktorów i użytkowników maszyn.
650 7 _aMaszyny przepływowe
655 7 _aPodręczniki akademickie
658 _aInżynieria i technika
710 2 _aWydawnictwa Naukowo-Techniczne
856 _uhttp://koha.tu.koszalin.pl/cgi-bin/koha/opac-detail.pl?biblionumber=55594
_yKatalog online BPK
942 _cKS
_2UKD
999 _c55594
_d55594